000 00261nam a22000977a 4500
008 230607b |||||||| |||| 00| 0 eng d
020 _a9789385887352
100 _aSTILTON GERONIMO
_97367
245 _aTHE CHEESE EXPERIMENT
260 _aINDIA
_bSTERING GRAPHICS
_c2022
999 _c12314
_d12314